[Event "19th ECh U20 Girls"]
[Site "Baku AZE"]
[Date "2002.07.18"]
[Round "5"]
[White "Polushkina, Svetlana"]
[Black "Mammadova, Nargiz"]
[Result "0-1"]
[WhiteElo "2131"]
[BlackElo "2058"]
[EventDate "2002.07.14"]
[PlyCount "76"]

1.d4 Nf6 2.c4 g6 3.Nc3 Bg7 4.e4 d6 5.Nf3 O-O 6.Be2 e5 7.d5 a5 8.Bg5 h6 9.
Bh4 Na6 10.Nd2 Qe8 11.O-O Nh7 12.Rc1 Bd7 13.b3 a4 14.b4 Nxb4 15.Rb1 Na6 
16.Rxb7 Qc8 17.Rb1 Nc5 18.Qc2 h5 19.f3 Bh6 20.Bf2 Qd8 21.Kh1 h4 22.Nd1 Bf4
23.Nb2 Qg5 24.Rbd1 Nf6 25.Rfe1 Nh5 26.Nf1 Kg7 27.Nd3 Nxd3 28.Bxd3 a3 29.
Rb1 Ng3+ 30.Kg1 Nxf1 31.Bxf1 Ba4 32.Qe2 Rfb8 33.Rxb8 Rxb8 34.Qd3 Rb2 35.
Re2 Bc1 36.Qxa3 Rxe2 37.Qxa4 Rxf2 38.Qb3 Qe3 0-1

[Event "19th ECh U20 Girls"]
[Site "Baku AZE"]
[Date "2002.07.18"]
[Round "5"]
[White "Esebua, Megi"]
[Black "Khudaverdieva, Afag"]
[Result "1/2-1/2"]
[WhiteElo "2107"]
[BlackElo "2043"]
[EventDate "2002.07.14"]
[PlyCount "71"]

1.e4 e6 2.d4 d5 3.exd5 exd5 4.Be3 Nf6 5.Bd3 Bd6 6.Nc3 Bg4 7.Qd2 Nc6 8.h3 
Bh5 9.Nge2 Qd7 10.a3 O-O-O 11.O-O-O Bg6 12.Bxg6 hxg6 13.Qd3 Na5 14.Bg5 c6 
15.Bf4 Nc4 16.Bxd6 Qxd6 17.Rhe1 Rde8 18.Kb1 Re7 19.Ng1 Rhe8 20.Nf3 Nh5 21.
Rxe7 Rxe7 22.g3 Nxg3 23.fxg3 Re3 24.Qf1 Rxc3 25.Ne5 Rxc2 26.Nxc4 Rxc4 27.
Rd3 c5 28.Qxf7 cxd4 29.Qg8+ Qd8 30.Qxg7 Qe8 31.Rxd4 Rxd4 32.Qxd4 Qe1+ 33.
Ka2 Qxg3 34.Qxd5 Qxh3 35.Qg8+ Kc7 36.Qxg6 1/2-1/2

[Event "19th ECh U20 Girls"]
[Site "Baku AZE"]
[Date "2002.07.18"]
[Round "5"]
[White "Hodova, Lucie"]
[Black "Kirik, Irina"]
[Result "1-0"]
[WhiteElo "2060"]
[BlackElo "2069"]
[EventDate "2002.07.14"]
[PlyCount "41"]

1.e4 c5 2.Nf3 d6 3.d4 cxd4 4.Nxd4 Nf6 5.Nc3 a6 6.g3 e6 7.Bg2 Be7 8.O-O O-O
9.Be3 Qc7 10.Qe2 Nbd7 11.f4 Rb8 12.g4 e5 13.Nf5 Bd8 14.g5 Ne8 15.Nd5 Qa5 
16.Nfe7+ Kh8 17.f5 Bxe7 18.Nxe7 Nc5 19.Qh5 Bd7 20.Rf3 Nxe4 21.Qxh7+ 1-0

[Event "19th ECh U20 Girls"]
[Site "Baku AZE"]
[Date "2002.07.19"]
[Round "6"]
[White "Dzagnidze, Nana"]
[Black "Khukhashvili, Sopiko"]
[Result "1-0"]
[WhiteElo "2281"]
[BlackElo "2327"]
[EventDate "2002.07.14"]
[PlyCount "115"]

1.d4 Nf6 2.Nf3 d5 3.e3 Bf5 4.Bd3 e6 5.O-O Bd6 6.b3 Nbd7 7.Bb2 c6 8.Nbd2 
O-O 9.h3 Qe7 10.Nh4 g6 11.a4 Rfe8 12.Nhf3 Bxd3 13.cxd3 e5 14.dxe5 Nxe5 15.
Qc2 Qd8 16.Rad1 Nxf3+ 17.Nxf3 Bf8 18.e4 Bg7 19.e5 Nd7 20.d4 Rc8 21.Rfe1 a5
22.Qd3 c5 23.dxc5 Nxc5 24.Qxd5 Qxd5 25.Rxd5 Nxb3 26.Rb5 Nc5 27.Rxa5 b6 28.
Rb5 Nxa4 29.Bd4 Rc6 30.Ra1 Nc3 31.Rb2 Nd5 32.Ra7 Nf4 33.Kh2 Nd3 34.Rb5 h6 
35.Ra3 Nc5 36.Ra7 Nd3 37.Rd5 Nc5 38.Bxc5 bxc5 39.Rdd7 Rf8 40.Rdc7 Rxc7 41.
Rxc7 Ra8 42.Rxc5 Ra4 43.Nd2 Rd4 44.Nc4 g5 45.g3 Kh7 46.Kg2 Kg6 47.Rc6+ Kh7
48.Kf3 h5 49.Nd6 Kg8 50.Rc8+ Bf8 51.Ne4 g4+ 52.hxg4 hxg4+ 53.Kf4 Kg7 54.
Kf5 Be7 55.Rc7 Bd8 56.Rb7 Kg8 57.Nd6 Rd2 58.Rb8 1-0

[Event "19th ECh U20 Girls"]
[Site "Baku AZE"]
[Date "2002.07.19"]
[Round "6"]
[White "Javakhishvili, Lela"]
[Black "Melia, Salome"]
[Result "1/2-1/2"]
[WhiteElo "2319"]
[BlackElo "2262"]
[EventDate "2002.07.14"]
[PlyCount "71"]

1.d4 Nf6 2.c4 g6 3.f3 d5 4.cxd5 Nxd5 5.e4 Nb6 6.Nc3 Bg7 7.Be3 O-O 8.f4 f5 
9.Qb3+ e6 10.e5 Nc6 11.Nf3 Ne7 12.Bc4 Nxc4 13.Qxc4 c6 14.Rc1 Qd7 15.Kf2 
Rd8 16.h3 h6 17.Rhg1 b6 18.g4 Bb7 19.gxf5 gxf5 20.Rg3 Kh7 21.Qe2 Qe8 22.
Rcg1 Bf8 23.Nd2 c5 24.dxc5 Nd5 25.Nxd5 Bxd5 26.Nc4 Bxc4 27.Qxc4 Rac8 28.b4
bxc5 29.b5 Rb8 30.Rg6 Rd5 31.Rf6 Rxb5 32.Qxb5 Qxb5 33.Rf7+ Kh8 34.Rxf8+ 
Kh7 35.Rf7+ Kh8 36.Rf8+ 1/2-1/2

[Event "19th ECh U20 Girls"]
[Site "Baku AZE"]
[Date "2002.07.19"]
[Round "6"]
[White "Makka, Ioulia"]
[Black "Charkhalashvili, Inga"]
[Result "0-1"]
[WhiteElo "2196"]
[BlackElo "2295"]
[EventDate "2002.07.14"]
[PlyCount "102"]

1.e4 c6 2.d4 d5 3.Nd2 dxe4 4.Nxe4 Nd7 5.Bc4 Ngf6 6.Ng5 e6 7.Qe2 Nb6 8.Bd3 
h6 9.N5f3 Qc7 10.Ne5 c5 11.dxc5 Bxc5 12.Ngf3 O-O 13.Bd2 Nbd5 14.O-O-O Bb4 
15.c3 Bd7 16.Kb1 Bd6 17.g4 Rfc8 18.Rhg1 Ba4 19.Rc1 Nd7 20.Nxd7 Bxd7 21.g5 
Nf4 22.Bxf4 Bxf4 23.Rcd1 Bc6 24.gxh6 Bxh6 25.Ne5 Rd8 26.Qh5 Kf8 27.Nxc6 
Qxc6 28.Rg3 Rd5 29.Qe2 Rad8 30.Rgg1 Qd6 31.Rg3 Bf4 32.Rh3 Ke7 33.Kc2 Bxh2 
34.Qg4 Be5 35.Rf3 Bf6 36.Qa4 a6 37.Qe4 Rd7 38.Re3 Qb6 39.f4 Kd8 40.Rde1 
Kc7 41.R1e2 Kb8 42.Rh2 Ka7 43.Rg2 Qc5 44.Reg3 Rc7 45.Be2 Rd4 46.Qe3 Ra4 
47.Qc1 Rxa2 48.Kd1 Ra4 49.Ke1 Bh4 50.Kf1 Bxg3 51.Rxg3 g6 0-1

[Event "19th ECh U20 Girls"]
[Site "Baku AZE"]
[Date "2002.07.19"]
[Round "6"]
[White "Milliet, Sophie"]
[Black "Zakurdiaeva, Irina"]
[Result "1-0"]
[WhiteElo "2173"]
[BlackElo "2236"]
[EventDate "2002.07.14"]
[PlyCount "95"]

1.e4 e6 2.d4 d5 3.e5 c5 4.c3 Qb6 5.Nf3 Nc6 6.a3 Bd7 7.b4 cxd4 8.cxd4 Rc8 
9.Bb2 Na5 10.Nbd2 Nc4 11.Nxc4 dxc4 12.Rc1 a5 13.Nd2 axb4 14.Nxc4 Qd8 15.a4
Bc6 16.a5 Rc7 17.Nb6 Ne7 18.Bc4 Nc8 19.O-O Nxb6 20.axb6 Rd7 21.f4 Bc5 22.
Qg4 Bxd4+ 23.Bxd4 Rxd4 24.Qxg7 Rf8 25.f5 exf5 26.e6 f6 27.Be2 Qe7 28.Bh5+ 
Kd8 29.Qg3 Qd6 30.Rfd1 Ke7 31.Qf2 Rxd1+ 32.Rxd1 Qe5 33.Bf7 Ra8 34.Qd2 Qc5+
35.Kh1 b3 36.Qf4 Rc8 37.Qg3 Bd5 38.Qg7 Qc2 39.Bg8+ Kd6 40.Qd7+ Kc5 41.
Qxd5+ Kxb6 42.Bxh7 b2 43.Bxf5 Qxd1+ 44.Qxd1 Rc1 45.Qg1+ Kc7 46.h4 Kd6 47.
Kh2 Rxg1 48.Kxg1 1-0

[Event "19th ECh U20 Girls"]
[Site "Baku AZE"]
[Date "2002.07.19"]
[Round "6"]
[White "Mammadova, Nargiz"]
[Black "Khusnutdinova, Luiza"]
[Result "1-0"]
[WhiteElo "2058"]
[BlackElo "2312"]
[EventDate "2002.07.14"]
[PlyCount "116"]

1.Nf3 d5 2.c4 c6 3.b3 Bf5 4.g3 e6 5.Bb2 Nf6 6.Bg2 Nbd7 7.O-O Be7 8.d3 O-O 
9.Nbd2 h6 10.a3 a5 11.Rc1 Bh7 12.Rc2 b5 13.Nd4 Qb6 14.Nxc6 Qxc6 15.cxd5 
Qb6 16.dxe6 Qxe6 17.Bxa8 Rxa8 18.Nf3 Bc5 19.Qc1 Bf8 20.Nd4 Qd5 21.Qf4 b4 
22.axb4 axb4 23.Qf3 Qxf3 24.Nxf3 Bf5 25.Ra1 Rxa1+ 26.Bxa1 Be6 27.Nd4 Nc5 
28.Nxe6 fxe6 29.Bxf6 gxf6 30.Rb2 e5 31.Kf1 Kf7 32.Ke1 Ne6 33.e3 Nc7 34.Kd2
Nb5 35.Ra2 Bd6 36.Ra5 Nc3 37.f3 Ke6 38.d4 exd4 39.exd4 Nd5 40.Ra8 Ne7 41.
Kd3 Ng6 42.Ra7 Ne7 43.Ra6 Kd5 44.Ra5+ Ke6 45.Rh5 Ng8 46.g4 Bf4 47.Ke4 Bd2 
48.Rb5 Ne7 49.f4 Bc3 50.Rb6+ Kf7 51.h4 Bd2 52.d5 Bxf4 53.d6 Bg3 54.dxe7 
Bxh4 55.Rxb4 Kxe7 56.Kd5 Bg3 57.Rb7+ Kf8 58.Ke6 Bh4 1-0

[Event "19th ECh U20 Girls"]
[Site "Baku AZE"]
[Date "2002.07.19"]
[Round "6"]
[White "Shukurova, Meihriban"]
[Black "Esebua, Megi"]
[Result "0-1"]
[WhiteElo "2238"]
[BlackElo "2107"]
[EventDate "2002.07.14"]
[PlyCount "84"]

1.e4 e5 2.Nf3 Nf6 3.Nxe5 d6 4.Nf3 Nxe4 5.d3 Nf6 6.d4 Bg4 7.Be2 d5 8.O-O 
Bd6 9.c4 c6 10.Nc3 h6 11.Qb3 O-O 12.Qxb7 Qc7 13.Qxc7 Bxc7 14.cxd5 cxd5 15.
h3 Bf5 16.Be3 Bb6 17.Ne5 Rd8 18.Rfc1 Nbd7 19.Nc6 Re8 20.Nb4 Rab8 21.Nc6 
Ra8 22.Ba6 Re6 23.Bb7 Rae8 24.Nb4 Ba5 25.Nbxd5 Rb8 26.Bc6 Rxb2 27.Nxf6+ 
Nxf6 28.d5 Rd6 29.Bc5 Rd8 30.Be7 Rdb8 31.Bd6 Rc8 32.Be5 Bb6 33.Nd1 Re2 34.
Ne3 Bxe3 35.fxe3 Be4 36.Kf1 Rxg2 37.Bxf6 gxf6 38.Rd1 Kh7 39.Ke1 Rcg8 40.
Bb5 Rh2 41.Rd4 Rg1+ 42.Bf1 Bf3 0-1

[Event "19th ECh U20 Girls"]
[Site "Baku AZE"]
[Date "2002.07.19"]
[Round "6"]
[White "Agaeva, Shahana"]
[Black "Jurkiewicz, Katarzyna"]
[Result "1-0"]
[WhiteElo "2123"]
[BlackElo "2190"]
[EventDate "2002.07.14"]
[PlyCount "127"]

1.e4 c5 2.c3 d6 3.d4 Nf6 4.Bd3 Nc6 5.Nf3 Bg4 6.d5 Bxf3 7.Qxf3 Ne5 8.Bb5+ 
Nfd7 9.Qg3 a6 10.Be2 Nf6 11.Nd2 b5 12.O-O g6 13.f4 Ned7 14.Bf3 Nb6 15.b3 
Bg7 16.Rb1 Nfd7 17.c4 bxc4 18.bxc4 Na4 19.Rb3 O-O 20.Re1 Qc7 21.Bg4 Nf6 
22.Ra3 Nxg4 23.Qxg4 Nb6 24.Rh3 Nd7 25.Qh4 h6 26.Nf3 Rfb8 27.e5 Nf8 28.Nd2 
dxe5 29.fxe5 g5 30.Qe4 Qc8 31.Nb3 e6 32.d6 Nd7 33.Bb2 a5 34.Bc3 a4 35.Nd2 
a3 36.Rf3 Qa6 37.Ref1 Rf8 38.Nb3 Rac8 39.Rb1 Nb6 40.Na5 Na4 41.Bd2 Rb8 42.
Rxb8 Rxb8 43.Rxa3 f5 44.Qc6 Qxc6 45.Nxc6 Rb1+ 46.Kf2 Nb6 47.Ra7 Rb2 48.Ke1
Nxc4 49.d7 Rxd2 50.d8=Q+ Rxd8 51.Nxd8 Bxe5 52.Nxe6 Bxh2 53.Nxc5 Bd6 54.Ne6
Be5 55.Ke2 g4 56.a4 h5 57.a5 h4 58.a6 f4 59.Rb7 Nd6 60.Rb8+ Kf7 61.a7 Kxe6
62.a8=Q f3+ 63.gxf3 g3 64.Qa2+ 1-0

[Event "19th ECh U20 Girls"]
[Site "Baku AZE"]
[Date "2002.07.19"]
[Round "6"]
[White "Rzaeva, Svetlana"]
[Black "Buckley, Melanie"]
[Result "0-1"]
[WhiteElo "2073"]
[BlackElo "2184"]
[EventDate "2002.07.14"]
[PlyCount "46"]

1.e4 e6 2.d3 d5 3.Nd2 Nf6 4.g3 Nc6 5.Bg2 e5 6.exd5 Nxd5 7.Ngf3 Be7 8.O-O 
O-O 9.Re1 Bg4 10.h3 Bh5 11.g4 Bg6 12.Nxe5 Nxe5 13.Rxe5 Nf4 14.Nf3 Nxg2 15.
Kxg2 Bd6 16.Re1 f5 17.g5 Bh5 18.Bd2 f4 19.Rg1 Qd7 20.Bc3 Rf5 21.h4 Re8 22.
Re1 Rff8 23.Kh2 Qg4 0-1

[Event "19th ECh U20 Girls"]
[Site "Baku AZE"]
[Date "2002.07.19"]
[Round "6"]
[White "Ismailova, Aytaj"]
[Black "Topel, Zehra"]
[Result "0-1"]
[WhiteElo "2157"]
[BlackElo "2067"]
[EventDate "2002.07.14"]
[PlyCount "48"]

1.e4 c6 2.d4 d5 3.e5 Bf5 4.Nc3 e6 5.g4 Bg6 6.Nge2 c5 7.h4 h6 8.Be3 Nc6 9.
dxc5 Nxe5 10.Nf4 Ne7 11.Bb5+ N7c6 12.Qe2 Qc7 13.Bd4 O-O-O 14.Bxc6 Nxc6 15.
Be3 Bh7 16.O-O-O d4 17.Nb5 Qe5 18.Bd2 Qxc5 19.Be1 d3 20.Nxa7+ Qxa7 21.Nxd3
Qxa2 22.Bc3 Bxd3 23.cxd3 Nb4 24.Qe4 Qb3 0-1

[Event "19th ECh U20 Girls"]
[Site "Baku AZE"]
[Date "2002.07.19"]
[Round "6"]
[White "Khudaverdieva, Afag"]
[Black "Polushkina, Svetlana"]
[Result "1-0"]
[WhiteElo "2043"]
[BlackElo "2131"]
[EventDate "2002.07.14"]
[PlyCount "93"]

1.d4 d5 2.c4 e6 3.cxd5 exd5 4.Nc3 f5 5.g3 Nf6 6.Bg2 c6 7.Nh3 Bd6 8.Bf4 O-O
9.O-O Be6 10.e3 Be7 11.Bxb8 Rxb8 12.Nf4 Bf7 13.Rb1 g5 14.Nd3 Bh5 15.Qc2 
Ne4 16.f3 Nxc3 17.bxc3 Bd6 18.f4 Qe7 19.Ne5 Bf7 20.Rbe1 Be6 21.c4 Bb4 22.
Re2 dxc4 23.e4 Qd6 24.Rd1 b5 25.Kh1 gxf4 26.Nxc6 Qxc6 27.d5 Bxd5 28.exd5 
Qc7 29.d6 Bxd6 30.Qc3 fxg3 31.Bd5+ Rf7 32.Rde1 Bf8 33.Rg1 Bg7 34.Bxf7+ 
Qxf7 35.Qxg3 f4 36.Qg5 Kh8 37.Re7 h6 38.Qxg7+ Qxg7 39.Rgxg7 c3 40.Rc7 b4 
41.Rb7 Rd8 42.Rgd7 Re8 43.Kg2 a5 44.Ra7 Rc8 45.Rdc7 Rxc7 46.Rxc7 a4 47.Rc4
1-0

[Event "19th ECh U20 Girls"]
[Site "Baku AZE"]
[Date "2002.07.19"]
[Round "6"]
[White "Hodova, Lucie"]
[Black "Isgandarova, Khayala"]
[Result "1-0"]
[WhiteElo "2060"]
[BlackElo "2047"]
[EventDate "2002.07.14"]
[PlyCount "175"]

1.e4 e6 2.d4 d5 3.e5 c5 4.c3 Nc6 5.Nf3 Bd7 6.Be2 Qb6 7.O-O cxd4 8.cxd4 
Nge7 9.Nc3 Nf5 10.Na4 Qd8 11.g3 Rc8 12.Be3 Qa5 13.Bd2 Nb4 14.Nc3 Qd8 15.
Be3 Be7 16.a3 Nc6 17.Bd3 Nxe3 18.fxe3 Na5 19.Nd2 O-O 20.Qh5 g6 21.Qg4 Qb6 
22.Rab1 Nb3 23.Nf3 Rc7 24.Ne2 Bb5 25.Bxb5 Qxb5 26.Nf4 Kh8 27.Rbd1 Qd7 28.
Ng5 Bxg5 29.Qxg5 Qd8 30.Qh6 Re8 31.Nh3 Rg8 32.Rf6 Qf8 33.Qh4 Qg7 34.Ng5 
Rf8 35.Rdf1 Re7 36.Qf4 Kg8 37.h4 h6 38.Nf3 Rc7 39.e4 dxe4 40.Qxe4 Rfc8 41.
Qe3 Na5 42.Nd2 Rc1 43.Ne4 Rxf1+ 44.Rxf1 Nc4 45.Qe2 Qf8 46.Nf6+ Kg7 47.Ne4 
Qe7 48.Nc5 Nb6 49.Ne4 Nc4 50.Nc5 Nb6 51.Ne4 Nd5 52.Nd6 Rf8 53.Qb5 b6 54.
Qa6 Qc7 55.Qd3 Qe7 56.Qd2 f5 57.exf6+ Nxf6 58.Nc4 Ne4 59.Qe3 Rxf1+ 60.Kxf1
Qf6+ 61.Kg2 Qf5 62.Ne5 Nf6 63.b3 Qc2+ 64.Kh3 Qd1 65.Kg2 Qc2+ 66.Kh3 Qf5+ 
67.Kg2 Qc2+ 68.Kh3 Nd5 69.Qd3 Qxd3 70.Nxd3 Ne3 71.Nf4 Kf6 72.g4 g5 73.
hxg5+ hxg5 74.Ne2 Nc2 75.a4 e5 76.d5 Nd4 77.Nc3 Nxb3 78.Ne4+ Kg6 79.d6 Nd4
80.d7 Ne6 81.Kg3 Nd8 82.Kf3 Nc6 83.Nd6 Kf6 84.Ne4+ Ke7 85.Nxg5 Kxd7 86.Ke4
Ke7 87.Nf3 Ke6 88.g5 1-0

[Event "19th ECh U20 Girls"]
[Site "Baku AZE"]
[Date "2002.07.20"]
[Round "7"]
[White "Mamedyarova, Zeinab"]
[Black "Dzagnidze, Nana"]
[Result "1/2-1/2"]
[WhiteElo "2312"]
[BlackElo "2281"]
[EventDate "2002.07.14"]
[PlyCount "75"]

1.d4 e6 2.c4 Nf6 3.Nf3 b6 4.Nc3 Bb4 5.Qc2 Bb7 6.a3 Bxc3+ 7.Qxc3 d6 8.g3 
Nbd7 9.Bg2 O-O 10.O-O Qe7 11.Be3 Ne4 12.Qc2 f5 13.Rfd1 c5 14.Rac1 Ndf6 15.
dxc5 bxc5 16.Ng5 Rab8 17.Nxe4 Bxe4 18.Bxe4 fxe4 19.b4 cxb4 20.axb4 Ng4 21.
Qxe4 Nxe3 22.Qxe3 Rxb4 23.c5 dxc5 24.Rxc5 Rb6 25.Qe5 Rf5 26.Rc8+ Kf7 27.
Qc3 Rb7 28.Rdd8 Kg6 29.Qc4 Rb4 30.Qd3 Qb7 31.Rb8 Qe4 32.Qxe4 Rxe4 33.e3 
Ra4 34.Rd2 Rf7 35.Re8 Kf6 36.Rd6 Re7 37.Rf8+ Rf7 38.Re8 1/2-1/2

[Event "19th ECh U20 Girls"]
[Site "Baku AZE"]
[Date "2002.07.20"]
[Round "7"]
[White "Khukhashvili, Sopiko"]
[Black "Milliet, Sophie"]
[Result "1/2-1/2"]
[WhiteElo "2327"]
[BlackElo "2173"]
[EventDate "2002.07.14"]
[PlyCount "145"]

1.e4 e5 2.Nf3 Nf6 3.Nxe5 d6 4.Nf3 Nxe4 5.Nc3 Nf6 6.d4 Be7 7.Bd3 Bg4 8.h3 
Bh5 9.Be3 Bg6 10.Bxg6 hxg6 11.Qd3 O-O 12.O-O-O Qd7 13.g4 a6 14.Ng5 b5 15.
f4 b4 16.Ne2 Qb5 17.Bd2 Qxd3 18.cxd3 Nc6 19.Kb1 Nd5 20.Nf3 Rfe8 21.h4 Bf6 
22.Rh2 Re6 23.Re1 Rae8 24.f5 gxf5 25.gxf5 R6e7 26.Bg5 Kf8 27.Kc2 Rb8 28.
Kd2 Rb5 29.Rc1 Na7 30.h5 Bxg5+ 31.Nxg5 Nf6 32.h6 gxh6 33.Rxh6 Rxf5 34.Rg1 
Ke8 35.Rg2 Kd7 36.Rh8 Nc6 37.Rf8 Nd8 38.Nh3 Ne6 39.Rb8 a5 40.Ra8 Rf3 41.
Nhg1 Rf5 42.Rh2 Re8 43.Rxe8 Nxe8 44.Ke3 Nf6 45.Rh8 Ng4+ 46.Kd2 Kc6 47.Rh4 
Nf6 48.Ke1 Rh5 49.Nf3 Rxh4 50.Nxh4 Nd5 51.Kf2 a4 52.Nf5 a3 53.bxa3 bxa3 
54.Nc1 Kb5 55.Ke2 Kb4 56.Kd2 Nc3 57.Kc2 d5 58.Kd2 Nb1+ 59.Kc2 Nc3 60.Kd2 
Na4 61.Ne2 Nb6 62.Kc2 Ng5 63.Kd2 f6 64.Nf4 c6 65.Ne7 Kb5 66.Kc3 Nf3 67.Ne6
Na4+ 68.Kb3 Nb2 69.Kc3 Ne1 70.Nf4 Nf3 71.Ne6 Ne1 72.Nf4 Nf3 73.Ne6 1/2-1/2

[Event "19th ECh U20 Girls"]
[Site "Baku AZE"]
[Date "2002.07.20"]
[Round "7"]
[White "Esebua, Megi"]
[Black "Javakhishvili, Lela"]
[Result "0-1"]
[WhiteElo "2107"]
[BlackElo "2319"]
[EventDate "2002.07.14"]
[PlyCount "77"]

1.e4 c5 2.c3 d5 3.exd5 Qxd5 4.d4 Nf6 5.Nf3 Bg4 6.Be2 e6 7.Be3 cxd4 8.cxd4 
Nc6 9.Nc3 Qd6 10.O-O Be7 11.Qb3 O-O 12.Rfd1 Rfd8 13.Rac1 Qb4 14.Qxb4 Nxb4 
15.h3 Bh5 16.g4 Bg6 17.Ne5 Nfd5 18.Nxd5 Nxd5 19.Bf3 Bf6 20.Bxd5 Rxd5 21.f4
Bd8 22.Rc5 Be4 23.Rxd5 Bxd5 24.a3 f6 25.Nd3 Bf3 26.Rc1 h5 27.gxh5 Kf7 28.
h6 gxh6 29.Kf2 Be4 30.Nc5 Bd5 31.f5 exf5 32.Bxh6 Be7 33.Bf4 Rg8 34.Rg1 Rh8
35.Rg3 Rh4 36.Ke3 Rxf4 37.Kxf4 Bd6+ 38.Kxf5 Bxg3 39.Nd7 0-1

[Event "19th ECh U20 Girls"]
[Site "Baku AZE"]
[Date "2002.07.20"]
[Round "7"]
[White "Melia, Salome"]
[Black "Agaeva, Shahana"]
[Result "0-1"]
[WhiteElo "2262"]
[BlackElo "2123"]
[EventDate "2002.07.14"]
[PlyCount "104"]

1.e4 e5 2.Nf3 Nf6 3.Nxe5 d6 4.Nf3 Nxe4 5.c4 Be7 6.Nc3 Nxc3 7.dxc3 O-O 8.
Bd3 Nc6 9.Qc2 h6 10.Be3 Ne5 11.Nxe5 dxe5 12.O-O-O Qe8 13.b3 a5 14.a4 f5 
15.f3 c6 16.Rhe1 Bd7 17.Bb6 Qb8 18.Kb2 c5 19.Be4 Be8 20.Bd5+ Kh8 21.Qf2 
Qd6 22.Bxb7 Qxb6 23.Bxa8 Bxa4 24.Bd5 Qxb3+ 25.Ka1 Rb8 26.Rc1 Bg5 27.Qa2 
Qxa2+ 28.Kxa2 Bxc1 29.Rxc1 Bb3+ 30.Ka3 a4 31.Re1 Re8 32.Bf7 Rf8 33.Bd5 e4 
34.fxe4 fxe4 35.Rxe4 Rf2 36.Re8+ Kh7 37.Be4+ g6 38.Re7+ Kg8 39.Bb1 Rxg2 
40.h4 Rg1 41.Bd3 Ra1+ 42.Kb2 Ra2+ 43.Kb1 Rg2 44.Ra7 Rg3 45.Be4 Rg4 46.Bd3 
Bxc4 47.Bxc4+ Rxc4 48.Ra8+ Kf7 49.Ra7+ Kf6 50.Ra6+ Kf5 51.h5 gxh5 52.Rxh6 
Kg5 0-1

[Event "19th ECh U20 Girls"]
[Site "Baku AZE"]
[Date "2002.07.20"]
[Round "7"]
[White "Khusnutdinova, Luiza"]
[Black "Hodova, Lucie"]
[Result "0-1"]
[WhiteElo "2312"]
[BlackElo "2060"]
[EventDate "2002.07.14"]
[PlyCount "146"]

1.d4 Nf6 2.Nf3 c5 3.d5 e6 4.c4 exd5 5.cxd5 d6 6.Nc3 g6 7.e4 Bg7 8.Be2 O-O 
9.O-O Na6 10.Nd2 Nc7 11.a4 b6 12.Nc4 Ba6 13.Qc2 Bxc4 14.Bxc4 a6 15.f3 Rb8 
16.Qe2 Qc8 17.Rb1 Nd7 18.Bd2 Qb7 19.b4 Ne5 20.bxc5 dxc5 21.d6 Ne6 22.Bxa6 
Qa7 23.Rfd1 Nd4 24.Qf1 f5 25.Bc4+ Kh8 26.Bd5 Qd7 27.Be3 Nf7 28.Nb5 Nxb5 
29.axb5 Nxd6 30.Qd3 Qe7 31.Bd2 fxe4 32.fxe4 Qf6 33.Kh1 Nf7 34.Rf1 Qe7 35.
Bc3 Ne5 36.Qg3 Rbe8 37.Ra1 c4 38.Rad1 Rc8 39.h3 Qc7 40.Be6 Rcd8 41.Bd5 Rc8
42.Rb1 Rce8 43.Rbc1 Rc8 44.Rf4 Rxf4 45.Qxf4 Rf8 46.Bxe5 Qxe5 47.Qxe5 Bxe5 
48.Bxc4 Rc8 49.Kg1 Kg7 50.Rc2 Rc5 51.Kf2 Kf6 52.Ke3 Rc7 53.Kd3 Ra7 54.Bb3 
Rc7 55.Bc4 Ra7 56.Bd5 Ra3+ 57.Kc4 Bd6 58.Bg8 Kg7 59.Be6 Bc5 60.Kd5 Rd3+ 
61.Kc6 Rd6+ 62.Kc7 Rxe6 63.Re2 Kf6 64.h4 Ke5 65.Kd7 Rd6+ 66.Kc7 Rd3 67.g4 
Re3 68.Rd2 Rxe4 69.Rd7 Kf6 70.g5+ Kf5 71.Rxh7 Re7+ 72.Rxe7 Bxe7 73.Kxb6 
Bd6 0-1

[Event "19th ECh U20 Girls"]
[Site "Baku AZE"]
[Date "2002.07.20"]
[Round "7"]
[White "Mamedyarova, Turkan"]
[Black "Shukurova, Meihriban"]
[Result "1-0"]
[WhiteElo "2134"]
[BlackElo "2238"]
[EventDate "2002.07.14"]
[PlyCount "39"]

1.d4 Nf6 2.Bg5 e6 3.e4 h6 4.Bxf6 Qxf6 5.Nc3 d6 6.Qd2 g6 7.O-O-O Qe7 8.f4 
Bg7 9.Nf3 a6 10.f5 b5 11.fxg6 fxg6 12.Bd3 e5 13.dxe5 dxe5 14.Nd5 Qd8 15.
Qa5 Ra7 16.Bxb5+ Bd7 17.Bxd7+ Nxd7 18.Rd3 O-O 19.Rhd1 Nb8 20.Qc5 1-0

[Event "19th ECh U20 Girls"]
[Site "Baku AZE"]
[Date "2002.07.20"]
[Round "7"]
[White "Charkhalashvili, Inga"]
[Black "Mammadova, Nargiz"]
[Result "1/2-1/2"]
[WhiteElo "2295"]
[BlackElo "2058"]
[EventDate "2002.07.14"]
[PlyCount "23"]

1.d4 Nf6 2.c4 g6 3.Nc3 Bg7 4.e4 d6 5.f3 O-O 6.Be3 Nc6 7.Nge2 a6 8.g4 Rb8 
9.Ng3 e5 10.d5 Nd4 11.Bg2 c5 12.O-O 1/2-1/2

[Event "19th ECh U20 Girls"]
[Site "Baku AZE"]
[Date "2002.07.20"]
[Round "7"]
[White "Buckley, Melanie"]
[Black "Ismailova, Aytaj"]
[Result "1-0"]
[WhiteElo "2184"]
[BlackElo "2157"]
[EventDate "2002.07.14"]
[PlyCount "103"]

1.e4 c5 2.Nc3 Nc6 3.g3 g6 4.Bg2 Bg7 5.d3 d6 6.Be3 e6 7.Qd2 Rb8 8.f4 Nge7 
9.Nf3 Nd4 10.O-O O-O 11.Rae1 Nec6 12.Nd1 Qa5 13.Qxa5 Nxa5 14.c3 Nc2 15.Re2
Nxe3 16.Nxe3 b6 17.Rd1 Bb7 18.Nd2 b5 19.Nb3 Nc6 20.e5 Nd8 21.exd6 Bxg2 22.
Kxg2 Nb7 23.d4 c4 24.Nc5 Rfd8 25.Nxb7 Rxb7 26.Ng4 Rxd6 27.Red2 Rbd7 28.Ne5
Rd8 29.Re2 f6 30.Nf3 Kf7 31.Ra1 Ra6 32.a3 Bf8 33.Rae1 Rb6 34.g4 f5 35.Ng5+
Kg8 36.Nxe6 Re8 37.Nxf8 Rxe2+ 38.Rxe2 Kxf8 39.gxf5 Kf7 40.fxg6+ hxg6 41.
Kf3 a6 42.d5 Rf6 43.Re5 Rb6 44.h4 Rb8 45.h5 gxh5 46.Rxh5 Re8 47.Rh2 Kg6 
48.Re2 Rd8 49.Re6+ Kf5 50.Re5+ Kf6 51.Ke4 Rh8 52.d6 1-0

[Event "19th ECh U20 Girls"]
[Site "Baku AZE"]
[Date "2002.07.20"]
[Round "7"]
[White "Topel, Zehra"]
[Black "Makka, Ioulia"]
[Result "0-1"]
[WhiteElo "2067"]
[BlackElo "2196"]
[EventDate "2002.07.14"]
[PlyCount "116"]

1.d4 d5 2.c4 e6 3.Nf3 c6 4.Nc3 Nf6 5.cxd5 exd5 6.Bg5 Be7 7.e3 Bf5 8.Bd3 
Bxd3 9.Qxd3 O-O 10.O-O Nbd7 11.Rab1 Ne4 12.Bxe7 Qxe7 13.b4 b5 14.Qc2 Nd6 
15.Nd2 Nc4 16.Nxc4 dxc4 17.d5 cxd5 18.Nxb5 Nf6 19.Rfd1 Rfd8 20.Nd4 Qc7 21.
b5 Ng4 22.Nf3 Rab8 23.h3 Nf6 24.Nd4 Rb6 25.a4 Rbd6 26.Nf5 R6d7 27.Qc3 Qc5 
28.Qe5 Re8 29.Qc3 Re6 30.Rbc1 h6 31.Rd4 h5 32.Rcd1 g6 33.Ng3 Qc7 34.a5 Qe5
35.Qb4 Rb7 36.e4 dxe4 37.Qxc4 Qxb5 38.Qxb5 Rxb5 39.Re1 Rxa5 40.Nxe4 Kg7 
41.Re3 Nxe4 42.Rdxe4 Rxe4 43.Rxe4 Kf6 44.Rf4+ Ke6 45.h4 Rd5 46.g3 a5 47.
Kg2 Rd7 48.Kf3 Ra7 49.Ra4 Kd5 50.Ke3 Kc5 51.Kd3 Kb5 52.Rf4 Rc7 53.g4 hxg4 
54.Rxg4 a4 55.Rg5+ Kb4 56.Rg1 Rc3+ 57.Ke2 a3 58.Rb1+ Rb3 0-1

[Event "19th ECh U20 Girls"]
[Site "Baku AZE"]
[Date "2002.07.20"]
[Round "7"]
[White "Jurkiewicz, Katarzyna"]
[Black "Khudaverdieva, Afag"]
[Result "1-0"]
[WhiteElo "2190"]
[BlackElo "2043"]
[EventDate "2002.07.14"]
[PlyCount "127"]

1.e4 e6 2.b3 d5 3.Bb2 dxe4 4.Nc3 Nf6 5.Qe2 Be7 6.Nxe4 b6 7.Qf3 c6 8.O-O-O 
Bb7 9.Nxf6+ Bxf6 10.Bxf6 Qxf6 11.Qxf6 gxf6 12.d4 Na6 13.Be2 Rd8 14.Bf3 Ke7
15.Ne2 Rd7 16.Rd2 Rhd8 17.Rhd1 Nc7 18.c3 Ne8 19.Nf4 Nd6 20.Nd3 Nf5 21.g3 
Kf8 22.Kc2 Ne7 23.b4 Ba6 24.Nb2 e5 25.a4 Nd5 26.Kb3 Bb7 27.dxe5 Ke8 28.
exf6 Nxf6 29.Rxd7 Rxd7 30.Rxd7 Nxd7 31.Nd3 Ba6 32.c4 c5 33.Bc6 cxb4 34.
Nxb4 Bc8 35.Nd5 h6 36.a5 bxa5 37.Ka4 Kd8 38.f4 Nb6+ 39.Kb5 a4 40.Nc3 Kc7 
41.Be4 Bd7+ 42.Kb4 a5+ 43.Kxa5 Nxc4+ 44.Kb4 Nd2 45.Bd3 Nf3 46.h4 Nd4 47.
Nxa4 Nf5 48.Bxf5 Bxf5 49.Kc5 Kd7 50.Kd5 Ke7 51.Ke5 Bc2 52.Nc5 f6+ 53.Kd4 
Kd6 54.g4 Bd1 55.Ne4+ Ke7 56.Nf2 Bb3 57.f5 Bc2 58.Ke3 Kd6 59.Kf4 Kd5 60.
Nh1 Kd4 61.Ng3 Kd5 62.Nh5 Kd6 63.Nxf6 Ke7 64.Ng8+ 1-0

[Event "19th ECh U20 Girls"]
[Site "Baku AZE"]
[Date "2002.07.20"]
[Round "7"]
[White "Kirik, Irina"]
[Black "Polushkina, Svetlana"]
[Result "1-0"]
[WhiteElo "2069"]
[BlackElo "2131"]
[EventDate "2002.07.14"]
[PlyCount "81"]

1.d4 f5 2.c4 e6 3.Nf3 Nf6 4.e3 Bb4+ 5.Bd2 Bxd2+ 6.Nbxd2 O-O 7.Qc2 d6 8.Bd3
Nc6 9.a3 g6 10.b4 e5 11.b5 Nxd4 12.exd4 e4 13.O-O exd3 14.Qxd3 d5 15.c5 f4
16.Ne5 Ng4 17.Ndf3 Nxe5 18.Nxe5 Qg5 19.Qf3 Be6 20.Rfe1 Rae8 21.c6 b6 22.a4
Qh4 23.a5 g5 24.h3 Re7 25.axb6 axb6 26.Nd7 Rff7 27.Ra8+ Kg7 28.Ne5 g4 29.
hxg4 Rf6 30.Qh3 Qg5 31.Nf3 Qg6 32.Nh4 Qf7 33.Qa3 Re8 34.g5 Rg6 35.Rxe8 
Qxe8 36.Nxg6 hxg6 37.Qh3 Bxh3 38.Rxe8 Kf7 39.gxh3 Kxe8 40.Kg2 Kf7 41.Kf3 
1-0

[Event "19th ECh U20 Girls"]
[Site "Baku AZE"]
[Date "2002.07.21"]
[Round "8"]
[White "Dzagnidze, Nana"]
[Black "Javakhishvili, Lela"]
[Result "1-0"]
[WhiteElo "2281"]
[BlackElo "2319"]
[EventDate "2002.07.14"]
[PlyCount "53"]

1.d4 e6 2.Nf3 c5 3.e3 Nf6 4.Bd3 d5 5.O-O Nc6 6.b3 Qc7 7.Bb2 Bd6 8.c4 dxc4 
9.bxc4 cxd4 10.exd4 Be7 11.Nc3 Nb4 12.Nb5 Qd8 13.Bb1 O-O 14.a3 Nc6 15.Qc2 
g6 16.Rd1 a6 17.Nc3 Na5 18.Ba2 Qc7 19.d5 Rd8 20.Ne4 Nxe4 21.Qxe4 Bc5 22.
Qh4 exd5 23.cxd5 Qb6 24.Bc3 Bf5 25.d6 Rxd6 26.Rxd6 Qxd6 27.Ng5 1-0